00938nam a2200241 4500001000700000090001100007100004000018200013700058210003300195215003500228225006300263300007100326606002400397675001600421700003600437702002800473702002200501702002300523801001800546830002900564990001100593995009200604202834 a202834 a20251104 pory50  aCritique de la raison purefEmmanuel Kantgtraduction française avec note par A. Tremesaygues, B. Pacaud ; préface de Ch. Serrus aFrancecUniversitairesd1965 aXXXI, 586 p.cbrochadod23 cm  aBibliothèque de Philosophie ContemporainegFélix Alcan aContém muitas notas do Prof. Dr. Almeida Faria ao longo do livro 914648aMetafísica a11vPTzpor 92656akantbImmanuelf1724-1804 917683aTremesayguesbA. 917684aPacaudbB. 917685aSerrusbCh. aPTbBMMNgRPC cAna FalardogAna Falardo cLIVROS 002052026-07-01932645bBMMNf32355k11 KAN|LGo0rLIVROSuAcesso CondicionadosOferta